Palety a boxy z EPS

Expandovaný polystyrén (EPS) - plastový materiál, ktorý sa už niekoľko desiatok rokov používa na rôzne účely a jeho obľúbenosť je daná radou jeho pozitívnych vlastností. EPS palety a ich využívanie. Mechanické, ekologické a ekonomické prednosti týchto paliet. EPS palety ako náhrada drevených paliet....

Description complète

Enregistré dans:
Détails bibliographiques
Auteur principal: Vítek, Miloslav
Format: Chapitre de livre
Langue:tchèque
Sujets:
Tags: Ajouter un tag
Pas de tags, Soyez le premier à ajouter un tag!

MARC

LEADER 00000naa a2200000 4500
001 0155484
005 20231211075052.7
041 0 |a cze 
044 |a CZ 
245 1 0 |a Palety a boxy z EPS  |c Miloslav Vítek 
520 |a Expandovaný polystyrén (EPS) - plastový materiál, ktorý sa už niekoľko desiatok rokov používa na rôzne účely a jeho obľúbenosť je daná radou jeho pozitívnych vlastností. EPS palety a ich využívanie. Mechanické, ekologické a ekonomické prednosti týchto paliet. EPS palety ako náhrada drevených paliet. EPS palety firmy Arpack. Využitie EPS na termoboxy. 
610 2 0 |a palety 
610 2 0 |a preprava 
610 2 0 |a tok materiálu 
610 2 0 |a tok tovaru 
610 2 0 |a logistika 
610 2 0 |a obaly 
100 1 |a Vítek, Miloslav